000 00249nam a2200109Ia 4500
008 190216s9999||||xx |||||||||||||| ||und||
100 _aGopinatha Pillai
245 0 _aHindi-Geethanjali
260 _bGopinatha Pillai
650 _aHindi
942 _cBK
999 _c15296
_d15296